Modern Assam: 1826-1947 (A) (Record no. 9252)
[ view plain ]
| 000 -LEADER | |
|---|---|
| fixed length control field | 00506cam a2200205ua 4500 |
| 008 - FIXED-LENGTH DATA ELEMENTS--GENERAL INFORMATION | |
| fixed length control field | 171109n ii |||gr||||Z||||||asm |
| 020 ## - INTERNATIONAL STANDARD BOOK NUMBER | |
| International Standard Book Number | 9789384095123 |
| 040 ## - CATALOGING SOURCE | |
| Transcribing agency | MAIN |
| 041 ## - LANGUAGE CODE | |
| -- | asm |
| 082 ## - DEWEY DECIMAL CLASSIFICATION NUMBER | |
| Classification number | 954.162 |
| 100 ## - MAIN ENTRY--PERSONAL NAME | |
| Personal name | Barman, Ramani, |
| Relator term | |
| 245 ## - TITLE STATEMENT | |
| Title | Modern Assam: 1826-1947 (A) |
| Statement of responsibility, etc. | By Ramani Barman |
| 250 ## - EDITION STATEMENT | |
| Edition statement | 2nd ed. |
| 260 ## - PUBLICATION, DISTRIBUTION, ETC. | |
| Place of publication, distribution, etc. | Guwahati: |
| Name of publisher, distributor, etc. | Ashok publications, |
| Date of publication, distribution, etc. | 2015. |
| 300 ## - PHYSICAL DESCRIPTION | |
| Extent | 167 p. |
| 942 ## - ADDED ENTRY ELEMENTS (KOHA) | |
| Koha item type | Books |
| 653 ## - INDEX TERM--UNCONTROLLED | |
| Uncontrolled term | South Asia India |
| 653 ## - INDEX TERM--UNCONTROLLED | |
| Uncontrolled term | History of Assam |
| Withdrawn status | Lost status | Damaged status | Not for loan | Home library | Current library | Shelving location | Date acquired | Total Checkouts | Full call number | Barcode | Date last seen | Copy number | Price effective from | Koha item type |
|---|---|---|---|---|---|---|---|---|---|---|---|---|---|---|
| Naharkatiya College Library | Naharkatiya College Library | General Stacks | 19/09/2020 | 954.162 | BAR | 23984 | 27/05/2022 | 1 | 19/09/2020 | Books |
